| 000 | 01637cam a22003254a 4500 | ||
|---|---|---|---|
| 001 | 13380 | ||
| 005 | 20251010133802.0 | ||
| 008 | 031203m20049999miu b 001 0 eng | ||
| 010 | _a 2003064346 | ||
| 020 | _a9780802845061 | ||
| 035 | _a13422641 | ||
| 040 |
_aDLC _cDLC _dDLC _dBSULIB |
||
| 042 | _apcc | ||
| 050 | 0 | 0 |
_aBS2575.53 _b.B78 2004 |
| 082 | 0 | 0 |
_a226.2 _222 _bBRU |
| 100 | 1 |
_aBruner, Frederick Dale. _925998 |
|
| 245 | 1 | 0 |
_aMatthew : a commentary / _bThe Christbook; Mathew 1-12 _cFrederick Dale Bruner. |
| 250 | _aRev. and expanded ed. | ||
| 260 |
_aGrand Rapids, Mich. : _bW.B. Eerdmans Pub. Co., _c<c2004-> |
||
| 300 |
_av. <1-2> ; _c25 cm. |
||
| 504 | _aIncludes bibliographical references and indexes. | ||
| 505 | 1 | _av. 1. The Christbook, Matthew 1-12 -- v. 2. The Churchbook, Matthew 13-28. | |
| 505 | 1 | _a1. Introduction to the doctrine of God 2. Introduction to the doctrine of human nature 3. The Law of repentance and the Gospel of Baptism 4. The doctrine of Ministry 5. The call to Mercy 6. The call to Faith 7. The call to Justice 8. The Five miracles of Grace 9. The Five miracles of Freedom 10. The sermon on Mission 11. The Fish Messiah 12. The Fire Christ | |
| 630 | 0 | 0 |
_aBible. _pMatthew _vCommentaries. _925101 |
| 655 | 7 |
_aCommentaries. _2lcgft _925022 |
|
| 906 |
_a7 _bcbc _corignew _d1 _eocip _f20 _gy-gencatlg |
||
| 942 |
_2ddc _cBK |
||
| 999 |
_c13380 _d13380 |
||